• 首页
  • 本馆介绍
  • 公告通知
  • 最新文献
  • 馆藏检索
  • 电子资源
  • 读者导购
  • 参考咨询
  • 我的图书馆
  • 登录
  • 详细信息显示
  • 放入我的书架
  • 预约/预借图书
  • 作者相关作品
  • 分类相关作品
  • 丛书相关作品
  • 出版社相关作品

书目信息

  • 表格格式
  • 工作单格式
  • 卡片格式
题名:
十九世纪文学主流
    
 
作者: 勃兰兑斯 , Brandes 著 ;张道真 译
分册: 第一分册   流亡文学
出版信息: 北京   人民文学出版社  1984
页数: 203页
开本: 20cm
丛书名:
单 册:
中图分类: I109.4 , I109.9
科图分类:
主题词: 自然主义-文学研究--英国--近代 , 文学研究-自然主义--英国--近代 , 文学流派--研究--世界--近代
电子资源:
ISBN:
000 00888nam0 2200289 45
001 0184007257
005 20060913150806.18
010    @dCNY0.72
091    @a10019.3666
100    @a19960215d1984 kemy0chiy0121 ea
101 1  @achi@cdan
102    @aCN@b110000
105    @ay z 000yy
200 10 @a十九世纪文学主流@Ashi jiu shi ji wen xue zhu liu@h第一分册@i流亡文学@f(丹)勃兰兑斯(G.Brandes)著@g张道真译
210    @a北京@c人民文学出版社@d1984
215    @a203页@d20cm
517 1  @a流亡文学@ALiu Wang Wen Xue
606    @a自然主义-文学研究@y英国@z近代
606    @a文学研究-自然主义@y英国@z近代
606    @a文学流派@x研究@y世界@z近代
690    @aI109.4@v3
690    @aI109.9@v3
701  1 @a勃兰兑斯@Abo lan dui si@bG.@4著
701 A1 @aBrandes@bG.@4著
702  0 @a张道真@AZhang Dao Zhen@4译
801  0 @aCN@bNLC@c20060913
905    @dI109.4@e16:1@f4@b34369-372
    
    十九世纪文学主流.第一分册.流亡文学/(丹)勃兰兑斯(G.Brandes)著/张道真译.-北京:人民文学出版社,1984
    203页;20cm
    
    
    ISBN :CNY0.72
    
●
相关链接 在E读中查询图书 在五车中查询图书 在当当中查询图书 在豆瓣中查询图书


正题名:十九世纪文学主流     索取号:I109.4/16:1         预约/预借

序号 登录号 条形码 馆藏地/架位号 状态 备注
1 0034368   001926170   密集书库/ [索取号:I109.4/16:1] 在馆    
2 0034369   000220558   密集书库/ [索取号:I109.4/16:1] 在馆    
3 0034370   000220549   第二借阅区/ [索取号:I109.4/16:1] 在馆    
4 0034371   000220530   密集书库/ [索取号:I109.4/16:1] 在馆    
5 0034372   000220601   密集书库/ [索取号:I109.4/16:1] 在馆    
6 0472376   204723763   密集书库/ [索取号:I109.4/16:1] 在馆    
唐山师范学院图书馆 欢迎您!
大连网信软件有限公司© 版权所有